Name All Fallout Songs - Statistics

General Stats
  • This quiz has been taken 44 times
  • The average score is 20 of 95
Answer Stats
Artist Included In Answer % Correct
The Ink Spots FO3, FO4, FO76, Series I Don't Want to Set the World On Fire
94%
The Ink Spots FO1, FO3, FO4, FO76, Series Maybe
81%
Marty Robbins FO:NV Big Iron
69%
Frank Sinatra FO:NV Blue Moon
59%
Dion FO4 The Wanderer
59%
The Kay Kyser Orchestra FO:NV Jingle, Jangle, Jingle
56%
The Commodores FO76 Uranium
53%
Dean Martin FO:NV Ain't That A Kick in the Head?
50%
The Five Stars FO4, FO76 Atom Bomb Baby
50%
Sheldon Allman FO4, Series Crawl Out Through the Fallout
50%
Peggy Lee FO:NV Johnny Guitar
47%
Stan Kenton, Nat King Cole FO4, FO76, Series Orange Colored Sky
47%
Connie Allen FO4 Rocket 69
47%
Skeeter Davis FO4 The End of the World
44%
Elton Britt FO4 Uranium Fever
44%
Danny Kaye, The Andrews Sisters FO3, FO4, FO76 Civilization/Bongo Bongo Bongo
41%
Guy Mitchell FO:NV Heartaches by the Number
41%
Tennessee Ernie Ford FO76 Sixteen Tons
41%
Cole Porter FO3, FO4, FO76 Anything Goes
38%
The Beach Boys FO76 Wouldn't It Be Nice
38%
Roy Brown FO3, FO4, FO76 Butcher Pete (Part 1)
34%
The Ink Spots FO4 It's All Over But the Crying
34%
Roy Brown FO4 Butcher Pete (Part 2)
31%
Bob Crosby, The Bob Cats FO4. FO76 Dear Hearts and Gentle People
31%
Tex Beneke FO3, FO4 A Wonderful Guy
28%
Bing Crosby, The Andrews Sisters FO76, Series Don't Fence Me In
28%
Spank Live FO76 Ring of Fire
28%
Bob Crosby, The Bob Cats FO3, FO4 Way Back Home
28%
Johnny Mercer, The Pied Pipers FO4 Personality
25%
Warren Smith FO4 Uranium Rock
25%
Louis Armstrong FO2 A Kiss to Build a Dream On
22%
Billie Holiday FO3, FO4, FO76 Crazy He Calls Me
22%
Betty Hutton FO4, Series It's A Man
22%
Bing Crosby, The Andrews Sisters FO4, FO76 Pistol Packin' Mama
22%
Billy Ward and his Dominoes FO4 Sixty Minute Man
22%
Spank Live FO76 Take Me Home, Country Roads
22%
Patsy Montana FO76 I Didn't Know the Gun Was Loaded
19%
Roy Brown FO3, FO4 Mighty, Mighty Man
19%
The Chordettes FO76 Mr. Sandman
19%
Jack Shaindlin FO3, Series Tickled Pink
19%
Sid Phillips FO3 Boogie Man
16%
Billie Holiday FO3, FO4, Series Easy Living
16%
Ella Fitzgerald, The Ink Spots FO3, FO4, Series Into Each Life Some Rain Must Fall
16%
The Ink Spots FO:NV It's a Sin to Tell a Lie
16%
Nat King Cole FO:NV Love Me as Though There Were No Tomorrow
16%
Kay Kyser FO76 Praise the Lord and Pass the Ammunition
16%
Ella Fitzgerald FO4 Undecided
16%
The Three Suns FO4 Worry, Worry, Worry
16%
Lynda Carter FO4 Baby, it's Just You
13%
Tennessee Ernie Ford FO76 Dark as a Dungeon
13%
Lynda Carter FO4 Good Neighbor
13%
Wynonie Harris FO4 Grandma Plays the Numbers
13%
Bob Crosby FO3, FO4 Happy Times
13%
Jack Shaindlin FO3, Series Let's Go Sunning
13%
Helen Forrest FO:NV Mad About the Boy
13%
Ray Smith FO4 Right Behind You Baby
13%
Tennessee Ernie Ford FO76 Shenandoah
13%
Bing Crosby FO:NV Something's Gotta Give
13%
The Andrews Sisters FO76 Straighten Up and Fly Right
13%
Lynda Carter FO4 Train Train
13%
Peggy Lee FO:NV Why Don't You Do Right?
13%
Fats Waller FO76 Ain't Misbehaving
9%
Bob Wills FO76 Bubbles in my Beer
9%
Roy Brown FO4 Good Rocking Tonight
9%
Louis Jordan FO4, FO76 Keep a Knockin'
9%
Eddie Duchin, Patricia Norman FO76 Ol' Man Mose
9%
Marjorie Hughes FO4 One More Tomorrow
9%
Jeff Hooper FO:NV Where Have You Been All My Life?
9%
Bing Crosby FO4 Accentuate the Positive
6%
Cass Daley FO76 A Good Man is Hard to Find
6%
Sons of the Pioneers FO76 Ghost Riders in the Sky
6%
Betty Hutton FO4 He's a Demon, He's a Devil, He's a Doll
6%
Glenn Miller FO76 Jukebox Saturday Night
6%
Lynda Carter FO4 Man Enough
6%
Freddie Slack, Johnny Mercer, Ella Mae Morse FO76 Mister Five By Five
6%
Pete Thomas FO:NV Sit and Dream
6%
Freddie Slack, Charlotte Blackburn FO76 Two Left Hands
6%
Ernest Tubb FO76 Walking the Floor Over You
6%
Chick Webb, Ella Fitzgerald FO76 When I Get Low I Get High
6%
Big Maybelle FO4 Whole Lotta Shakin' Going On
6%
Jerry Irby FO76 Answer to Drivin' Nails in my Coffin
3%
Stephanie Dowling FO:NV Begin Again
3%
Joe Martin FO76 Doin' the Uptown Lowdown
3%
Ben Selvin FO76 Happy Days are Here Again
3%
Johnny Bond FO76 Headin' Down the Wrong Highway
3%
Chick Webb FO76 I Can't Dance (I Got Ants In My Pants)
3%
Lynda Carter FO4 I'm the One You're Looking For
3%
Johnny Long FO76 In a Shanty in Old Shanty Town
3%
Count Basie FO76 Jumpin' at the Woodside
3%
Henry King, Joe Sudy FO76 Just a Fair Weather Friend
3%
Blind Willie Johnson FO76 Nobody's Fault But Mine
3%
Freddie Slack, Ella Mae Morse FO76 Pig Foot Pete
3%
Louis Jordan FO76 Salt Pork, West Virginia
3%
Bob Wills FO76 Steel Guitar Rag
3%
The Ink Spots FO76 We Three (Mt Echo, My Shadow, and Me)
0%
No matching quizzes found
Score Distribution
Percent of People with Each Score
Percentile by Number Answered
Your Score History
You have not taken this quiz